Schwerpunkt: Kunst-Verstehen
| Contributors: | |
|---|---|
| Format: | Print Book |
| Language: | German English |
| Subito Delivery Service: | Order now. |
| Check availability: | HBZ Gateway |
| WorldCat: | WorldCat |
| Interlibrary Loan: | Interlibrary Loan for the Fachinformationsdienste (Specialized Information Services in Germany) |
| Published: |
Tübingen
Mohr Siebeck
2004
|
| In: |
Internationales Jahrbuch für Hermeneutik (3.2004)
Year: 2004 |
| Series/Journal: | Internationales Jahrbuch für Hermeneutik
3.2004 |
| Standardized Subjects / Keyword chains: | B
Art
/ Hermeneutics
|
| Further subjects: | B
Collection of essays
|
MARC
| LEADER | 00000cam a2200000 c 4500 | ||
|---|---|---|---|
| 001 | 379099098 | ||
| 003 | DE-627 | ||
| 005 | 20241128141705.0 | ||
| 007 | tu | ||
| 008 | 040218s2004 gw ||||| 00| ||ger c | ||
| 015 | |a 04,N10,0089 |2 dnb | ||
| 016 | 7 | |a 970136447 |2 DE-101 | |
| 020 | |a 3161483189 |c Ln. : ca. EUR 100.00, ca. CHF 160.00 |9 3-16-148318-9 | ||
| 035 | |a (DE-627)379099098 | ||
| 035 | |a (DE-576)112197779 | ||
| 035 | |a (DE-599)DNB970136447 | ||
| 035 | |a (OCoLC)249322274 | ||
| 035 | |a (OCoLC)984516552 | ||
| 040 | |a DE-627 |b ger |c DE-627 |e rakwb | ||
| 041 | |a ger |a eng | ||
| 044 | |c XA-DE-BW | ||
| 082 | 0 | 4 | |a 100 |
| 084 | |a 1 |2 ssgn | ||
| 084 | |a CC 3800 |q BVB |2 rvk |0 (DE-625)rvk/17621: | ||
| 084 | |a 20.06 |2 bkl | ||
| 090 | |a a | ||
| 245 | 0 | 0 | |a Schwerpunkt: Kunst-Verstehen |c Günter Figal |
| 264 | 1 | |a Tübingen |b Mohr Siebeck |c 2004 | |
| 300 | |a VI, 275 S. | ||
| 336 | |a Text |b txt |2 rdacontent | ||
| 337 | |a ohne Hilfsmittel zu benutzen |b n |2 rdamedia | ||
| 338 | |a Band |b nc |2 rdacarrier | ||
| 490 | 1 | |a Internationales Jahrbuch für Hermeneutik |v 3.2004 | |
| 500 | |a Mit dt.und engl. Zsfassungen | ||
| 583 | 1 | |a Archivierung/Langzeitarchivierung gewährleistet |f PEBW |x XA-DE-BW |2 pdager |5 DE-24 | |
| 583 | 1 | |a Archivierung/Langzeitarchivierung gewährleistet |f SSG |x XA-DE-BW |2 pdager |5 DE-21 | |
| 601 | |a Schwerpunkt | ||
| 655 | 7 | |a Aufsatzsammlung |0 (DE-588)4143413-4 |0 (DE-627)105605727 |0 (DE-576)209726091 |2 gnd-content | |
| 689 | 0 | 0 | |d s |0 (DE-588)4114333-4 |0 (DE-627)105822957 |0 (DE-576)209483733 |2 gnd |a Kunst |
| 689 | 0 | 1 | |d s |0 (DE-588)4128972-9 |0 (DE-627)105713252 |0 (DE-576)209606614 |2 gnd |a Hermeneutik |
| 689 | 0 | |5 DE-101 | |
| 700 | 1 | |0 (DE-588)118091891 |0 (DE-627)079239013 |0 (DE-576)160941709 |4 oth |a Figal, Günter |d 1949-2024 | |
| 830 | 0 | |a Internationales Jahrbuch für Hermeneutik |v 3.2004 |9 2004,0003,00 |w (DE-627)350259941 |w (DE-576)09971910X |w (DE-600)2082343-5 |x 1619-7569 |7 am | |
| 935 | |a mteo | ||
| 935 | |i sf | ||
| 935 | |i Blocktest | ||
| 936 | r | v | |a CC 3800 |b Zur Theorie der Geisteswissenschaften; Hermeneutik |k Philosophie |k Systematische Philosophie |k Spezielle Wissenschaftstheorie |k Zur Theorie der Geisteswissenschaften; Hermeneutik |0 (DE-627)1270638823 |0 (DE-625)rvk/17621: |0 (DE-576)200638823 |
| 936 | b | k | |a 20.06 |j Kunstphilosophie |j Kunsttheorie |0 (DE-627)10641433X |
| 951 | |a BO | ||
| ACO | |a 1 | ||
| ELC | |b 1 | ||
| ITA | |a 1 |t 1 | ||
| LOK | |0 000 xxxxxcx a22 zn 4500 | ||
| LOK | |0 001 3166673148 | ||
| LOK | |0 003 DE-627 | ||
| LOK | |0 004 379099098 | ||
| LOK | |0 005 20050630000000 | ||
| LOK | |0 008 050630||||||||||||||||ger||||||| | ||
| LOK | |0 040 |a DE-21 |c DE-627 |d DE-21 | ||
| LOK | |0 852 |a DE-21 | ||
| LOK | |0 852 1 |c ZA 10113-3 |9 00 | ||
| LOK | |0 866 |x Stückt. ohne Autopsie | ||
| LOK | |0 938 |l 30/06/05 |8 6 | ||
| LOK | |0 939 |a 30-06-05 |b l01 | ||
| LOK | |0 000 xxxxxcx a22 zn 4500 | ||
| LOK | |0 001 3166673245 | ||
| LOK | |0 003 DE-627 | ||
| LOK | |0 004 379099098 | ||
| LOK | |0 005 20100406234332 | ||
| LOK | |0 008 050820||||||||||||||||ger||||||| | ||
| LOK | |0 040 |a DE-21-46 |c DE-627 |d DE-21-46 | ||
| LOK | |0 541 |e 2004/328 | ||
| LOK | |0 689 |a s |0 1311359419 |a Kunst | ||
| LOK | |0 689 |a s |0 1311362037 |a Verstehen | ||
| LOK | |0 852 |a DE-21-46 | ||
| LOK | |0 852 1 |c Z 2/2002,1 |m p |9 00 | ||
| LOK | |0 935 |a k046 | ||
| LOK | |0 938 |k p | ||
| LOK | |0 939 |a 20-08-05 |b l01 | ||
| LOK | |0 000 xxxxxcx a22 zn 4500 | ||
| LOK | |0 001 3166673253 | ||
| LOK | |0 003 DE-627 | ||
| LOK | |0 004 379099098 | ||
| LOK | |0 005 20120911121848 | ||
| LOK | |0 008 120911||||||||||||||||ger||||||| | ||
| LOK | |0 040 |a DE-21-35 |c DE-627 |d DE-21-35 | ||
| LOK | |0 541 |e 12/858 | ||
| LOK | |0 852 |a DE-21-35 | ||
| LOK | |0 852 1 |c Zk 523-3 |m p |9 00 | ||
| LOK | |0 938 |k p | ||
| LOK | |0 939 |a 11-09-12 |b l01 | ||
| ORI | |a SA-MARC-ixtheoa001.raw | ||
| REF | |a Verstehen | ||
| REL | |a 1 | ||
| STA | 0 | 0 | |a Art,Art,Visual art,Hermeneutics |
| STB | 0 | 0 | |a Art,Art,Herméneutique |
| STC | 0 | 0 | |a Arte,Arte,Hermenéutica |
| STD | 0 | 0 | |a Arte,Arte,Ermeneutica |
| STE | 0 | 0 | |a 艺术,诠释学,解释学 |
| STF | 0 | 0 | |a 藝術,詮釋學,解釋學 |
| STG | 0 | 0 | |a Arte,Arte,Hermenêutica |
| STH | 0 | 0 | |a Герменевтика,Искусство (мотив),Искусство |
| STI | 0 | 0 | |a Ερμηνευτική,Τέχνη (μοτίβο),Τέχνη |
| SUB | |a REL | ||
| SYG | 0 | 0 | |a Bildende Kunst,Kunstdenkmal , Auslegung |



